<?xml version="1.0" encoding="UTF-8"?><?xml-stylesheet type="text/xsl" href="static/style.xsl"?><OAI-PMH xmlns="http://www.openarchives.org/OAI/2.0/" xmlns:xsi="http://www.w3.org/2001/XMLSchema-instance" xsi:schemaLocation="http://www.openarchives.org/OAI/2.0/ http://www.openarchives.org/OAI/2.0/OAI-PMH.xsd"><responseDate>2026-06-05T15:30:00Z</responseDate><request verb="GetRecord" identifier="oai:riuma.uma.es:10630/34384" metadataPrefix="marc">https://riuma.uma.es/rest/oai/request</request><GetRecord><record><header><identifier>oai:riuma.uma.es:10630/34384</identifier><datestamp>2026-02-03T11:16:37Z</datestamp><setSpec>com_10630_2254</setSpec><setSpec>col_10630_37953</setSpec></header><metadata><record xmlns="http://www.loc.gov/MARC21/slim" xmlns:dcterms="http://purl.org/dc/terms/" xmlns:doc="http://www.lyncode.com/xoai" xmlns:xsi="http://www.w3.org/2001/XMLSchema-instance" xsi:schemaLocation="http://www.loc.gov/MARC21/slim http://www.loc.gov/standards/marcxml/schema/MARC21slim.xsd">
   <leader>00925njm 22002777a 4500</leader>
   <datafield ind2=" " ind1=" " tag="042">
      <subfield code="a">dc</subfield>
   </datafield>
   <datafield ind2=" " ind1=" " tag="720">
      <subfield code="a">Márquez-Romero, José Enrique</subfield>
      <subfield code="e">author</subfield>
   </datafield>
   <datafield ind2=" " ind1=" " tag="720">
      <subfield code="a">Caro-Herrero, José Luis</subfield>
      <subfield code="e">author</subfield>
   </datafield>
   <datafield ind2=" " ind1=" " tag="720">
      <subfield code="a">Suárez Padilla, José</subfield>
      <subfield code="e">author</subfield>
   </datafield>
   <datafield ind2=" " ind1=" " tag="260">
      <subfield code="c">2022</subfield>
   </datafield>
   <datafield ind2=" " ind1=" " tag="520">
      <subfield code="a">Resumen: La Universidad de Málaga –uma– ha llevado a cabo actividades arqueológicas en el Complexo&#xd;
Arqueológico dos Perdigões, Reguengos de Monsaraz, en el Alentejo portugués desde 2008 a 2016. Se han&#xd;
realizado prospecciones geofísicas, excavaciones en extensión y sondeos en diversas estructuras en el Sector l1.&#xd;
El presente trabajo tiene como objetivo discernir las relaciones espacio-temporales entre dos grandes recintos&#xd;
de fosos prehistóricos –f1 y f2–. Metodológicamente, en primer lugar, distinguimos entre cronología –longue&#xd;
durée doxa Braudel– y temporalidad –series b of events in time doxa McTaggart/Ingold–, dos conceptos diferentes&#xd;
pero complementarios para realizar una correcta aproximación histórica al fenómeno de los recintos de fosos.&#xd;
A continuación, basándonos en una extensa serie radiométrica, un examen de sus rellenos y las relaciones&#xd;
entre las estructuras vecinas, identificamos una fase de construcción tardía de esta arquitectura monumental&#xd;
en el tercer cuarto del iii milenio a. C. Se reflexiona sobre el empleo de las dataciones radiocarbónicas y los&#xd;
programas estadísticos en contextos tan complejos como los fosos prehistóricos y sus particulares condiciones&#xd;
de colmatación.</subfield>
   </datafield>
   <datafield ind1="8" ind2=" " tag="024">
      <subfield code="a">Márquez-Romero, J. E. ., Caro, J. L. ., &amp; Suárez-Padilla, J. (2022). Investigaciones en el Sector L1 del Complexo Arqueológico dos Perdigões (Reguengos de Monsaraz, Portugal): cronología y temporalidad de dos recintos de fosos calcolíticos (F1 y F2). Zephyrvs, 89, 57–83. https://doi.org/10.14201/zephyrus2022895783 Fechas editoriales</subfield>
   </datafield>
   <datafield ind1="8" ind2=" " tag="024">
      <subfield code="a">https://hdl.handle.net/10630/34384</subfield>
   </datafield>
   <datafield ind1="8" ind2=" " tag="024">
      <subfield code="a">10.14201/zephyrus2022895783</subfield>
   </datafield>
   <datafield tag="653" ind2=" " ind1=" ">
      <subfield code="a">Calcolítico</subfield>
   </datafield>
   <datafield tag="653" ind2=" " ind1=" ">
      <subfield code="a">Estadísitca bayesiana</subfield>
   </datafield>
   <datafield ind2="0" ind1="0" tag="245">
      <subfield code="a">Investigaciones en el sector l1 del complexo arqueológico dos Perdigões (Reguengos de Monsaraz, Portugal): cronología y temporalidad de dos recintos de fosos calcolíticos (f1 y f2)</subfield>
   </datafield>
</record>
</metadata></record></GetRecord></OAI-PMH>